Ekonomické vztahy mezi Českou a Slovenskou republikou jako vztahy mezinárodní.

Vzájomná prepojenosť ekonomík SR a ČR. Relatívne vysoká miera sebestačnosti oboch republík v odvetví stavebných hmôt a potravinárskych výrobkov. Obrat obchodu medzi SR a ČR. Fungovanie spoločného ekonomického priestoru po rozpade federácie. Význam menového usporiadania. Miera takej ekonomickej integ...

Descripción completa

Guardado en:
Detalles Bibliográficos
Autor principal: Šedivý, Z.
Formato: Capítulo de libro
Lenguaje:checo
Materias:
Etiquetas: Agregar Etiqueta
Sin Etiquetas, Sea el primero en etiquetar este registro!

MARC

LEADER 00000naa a2200000 4500
001 r013103
005 20221205080056.7
041 0 |a cze 
044 |a CZ 
245 1 0 |a Ekonomické vztahy mezi Českou a Slovenskou republikou jako vztahy mezinárodní.  |c Z. Šedivý 
520 |a Vzájomná prepojenosť ekonomík SR a ČR. Relatívne vysoká miera sebestačnosti oboch republík v odvetví stavebných hmôt a potravinárskych výrobkov. Obrat obchodu medzi SR a ČR. Fungovanie spoločného ekonomického priestoru po rozpade federácie. Význam menového usporiadania. Miera takej ekonomickej integrácie medzi SR a ČR, ktorá sa priblíži budúcemu riešeniu pre zjednotenú Európu. 
610 2 0 |a vzťahy hospodárske medzinárodné 
610 2 0 |a Slovensko 
610 2 0 |a Čechy 
610 2 0 |a obchod zahraničný 
610 2 0 |a mena 
610 2 0 |a integrácia ekonomická 
100 1 |a Šedivý, Z.